000 00688nam a2200205 a 4500
005 20210223130753.0
008 081103s1985 mx r 000 0 spa d
035 _aUPN01000164763
049 _aUNE
080 _a371.13 (-77) =20 DOV No.164.
100 1 _aDove, Linda A.
245 1 4 _aThe Development and training of teachers for remote rural schools in less developed countries /
_cby Linda A. Dove.
260 _aParís :
_bUNESCO ;
_aNew York :
_bUNICEF,
_c1985.
300 _a33 p.
440 0 _aNotes, comments... ;
_v164
690 _aFormacion de docentes - Paises en desarrollo
710 2 _aUNICEF
_924085
710 2 _aPrograma de Alimentación Mundial
905 _aUNESCO
999 _c136875
_d136875